Наследие человеческой цивилизации. Исследование 35000-летней мировой истории

Λεπτομέρειες βιβλιογραφικής εγγραφής
Κύριος συγγραφέας: Лю Вэньжун
Περίληψη:Книга на китайском языке.
Γλώσσα:Κινεζικά
Έκδοση: Шанхай, Вэньхуй, 2005
Θέματα:
Μορφή: Βιβλίο
KOHA link:https://koha.lib.tpu.ru/cgi-bin/koha/opac-detail.pl?biblionumber=117776

MARC

LEADER 00000nam0a2200000 4500
001 117776
005 20231031123923.0
010 |a 7806767355 
035 |a (RuTPU)RU\TPU\book\127483 
090 |a 117776 
100 |a 20070606d2005 k y0chiy50 ea 
101 0 |a chi 
102 |a CN 
105 |a a z 000zy 
200 1 |a Наследие человеческой цивилизации. Исследование 35000-летней мировой истории  |f Лю Вэньжун 
210 |a Шанхай  |c Вэньхуй  |d 2005 
215 |a 265 с.  |c ил. 
300 |a Книга на китайском языке. 
606 1 |a Всеобщая история  |2 stltpush  |3 (RuTPU)RU\TPU\subj\3762 
610 1 |a всеобщая история 
610 1 |a человечество 
610 1 |a человеческая цивилизация 
610 1 |a наука 
610 1 |a культура 
686 |a Т3(0)  |v LBC/SL-A  |2 rubbk 
700 0 |a Лю Вэньжун 
801 1 |a RU  |b 63413507  |c 20070606  |g PSBO 
801 2 |a RU  |b 63413507  |c 20230207  |g PSBO 
942 |c BK